01002cam a22002651 4500001001300000003000400013005001700017008004100034010001700075035001900092040001700111042001200128050002700140051001700167100004500184245016700229260004300396300001900439410006600458500005300524650006000577700004300637700003900680999001700719e 16000279 DLC20260227111206.0830310s1916 wau 000 0 eng  ae 16000279  a(OCoLC)9300564 aDLCcOUdDLC apremarc00aL111b.A6 1915, no. 47 aLB2515b19151 aHood, William R.q(William Ross),d1874-10aDigest of state laws relating to public education in force January 1, 1915.cComp. by William R. Hood, with the assistance of Stephen B. Weeks and A. Sidney Ford. aWashington,bGovt. print. off.,c1916. a987 p.c24 cm.10aUnited States.bBureau of Education.tBulletin,v1915, no. 47 aAt head of title: Department of the interior ... 0aEducational law and legislationzUnited StatesxStates.1 aWeeks, Stephen Beauregard,d1865-1918.1 aFord, A. Sidneyq(Algernon Sidney) c19967d19967